| 000 | 00753nam a2200217 i 4500 | ||
|---|---|---|---|
| 005 | 20160130090155.0 | ||
| 008 | 140303s1901 xxu||||| |||| 00| 0 eng d | ||
| 040 |
_aCO-BoIAVH _cCO-BoIAVH |
||
| 041 | _aeng | ||
| 044 | _axxu | ||
| 082 | 0 | 4 |
_a599.097 _bE46l |
| 100 | 1 | _aElliot, D. G. | |
| 245 | 1 | 2 |
_aA list of the land and sea mammals of North America North of México / _bsupplement to the synopsis / _cD. G. Elliot |
| 260 |
_aChicago : _bField Columbian Museum, _c1901. |
||
| 300 |
_a30 páginas ; _c18 cm. |
||
| 650 | 1 | 4 |
_aMamíferos _zAmérica del norte |
| 650 | 2 | 4 |
_aMamíferos acuáticos _zAmérica del norte |
| 650 | 2 | 4 |
_aMamíferos marinos _zAmérica del norte |
| 662 | _cAmérica del Norte | ||
| 942 |
_cLIBRO _2ddc |
||
| 999 |
_c1863 _d1863 |
||